Name the Top 50 Best Colleges in America by Academics - Statistics

General Stats
  • This quiz has been taken 142 times
  • The average score is 28 of 50
Answer Stats
Rank University % Correct
3 Harvard
97%
5 Yale
95%
1 Princeton
90%
4 Stanford
90%
2 MIT
89%
9 Brown
87%
16 UCLA
85%
12 Columbia
84%
18 Dartmouth
80%
8 Duke
80%
21 Michigan
78%
13 Cornell
76%
32 Texas
72%
30 Florida
69%
31 USC
69%
11 Northwestern
68%
49 Georgia
66%
35 NYU
64%
6 UPenn
64%
42 Washington
64%
43 Boston
62%
26 Virginia
61%
14 Chicago
60%
15 Berkeley
57%
19 Vanderbilt
57%
23 North Carolina
56%
44 Ohio State
55%
33 Georgia Tech
53%
10 Johns Hopkins
53%
20 Notre Dame
52%
17 Rice
49%
7 CalTech
48%
37 Illinois
48%
39 Boston College
47%
38 Wisconsin
47%
22 Georgetown
41%
48 Texas A&M
38%
46 Maryland
37%
50 Virginia Tech
36%
25 Emory
34%
45 Purdue
33%
40 Rutgers
33%
24 Carnegie Mellon
31%
41 Tufts
28%
28 Davis
25%
34 Irvine
22%
29 San Diego
21%
36 Santa Barbara
20%
27 Washington St. Louis
11%
47 Lehigh
9%
No matching quizzes found
Score Distribution
Percent of People with Each Score
Percentile by Number Answered
Your Score History
You have not taken this quiz